| 000 | 00576nam a2200169 a 4500 | ||
|---|---|---|---|
| 001 | 000040554 | ||
| 005 | 20201002034217.0 | ||
| 008 | 130911s1999 sp a 000 0 spa d | ||
| 020 | _a0865815577 | ||
| 040 |
_aDO-SdBNP _bspa _cBNPHU |
||
| 100 | 1 |
_aCirlot, Lourdes _966878 |
|
| 245 | 1 | 3 |
_aPrimeras vanguardias artísticas : _btextos y documentos / _cLourdes Cirlot. |
| 260 |
_aBarcelona : _bPersifal Ediciones, _c1999. |
||
| 300 |
_a319 p. ; _c22 cm. |
||
| 500 | _aIncluye datos biográficos del autor en la solapa de la cubierta | ||
| 500 | _aIncluye notas al pie de las páginas | ||
| 999 |
_c40044 _d40044 |
||